000 00744nam a22002057a 4500
999 _c13443
_d13443
008 190318b ||||| |||| 00| 0 eng d
020 _a9781119058038
082 _22016
_aAV-Eb 531
_bD442
100 _ade Saxcé, Géry.
_937622
245 _aGalilean mechanics and thermodynamics of continua /
_hGéry de Saxcé and Claude Vallée.
250 _aFirst Edition
260 _aUSA:
_bJohn Wiley & Sons, Incorporated,
_c©2016.
300 _a448 pages;
500 _aIncludes index.
650 _aContinuum mechanics--Data processing.
_937623
700 _aDe Saxcé, Géry.
_937624
700 _aVallée,Claude.
_937625
856 _yhttps://ebookcentral.proquest.com/lib/uniofmindanao-ebooks/detail.action?docID=4332399
942 _2ddc
_cEB